000 00326 a2200157 4500
001 58376
020 _a8521000200
040 _cAnchieta - Pituba
100 _aSabino, Fernando
240 1 0 _aObra reunida
_lpor
245 1 0 _aObra reunida
300 _a953
362 0 _a1996
650 4 _aFicção brasileira
942 _cBK
999 _c58376
_d58376